Słowacja czy Słowenia? - Statystyki

Ogólne statystyki
  • Ten quiz został rozwiązany 5 488 razy
    5 414 od ostatniego zresetowania
  • Średni wynik to 13 z 17
Statystyki odpowiedzi
Zagadnienie Odpowiedź % Poprawnych
Ma dostęp do morza Słowenia
96%
Graniczy z Włochami Słowenia
96%
Lublana jest stolicą Słowenia
95%
Ma terytorium w Karpatach Słowacja
94%
Dawniej było częścią Jugosławii Słowenia
93%
Posiada terytorium w Alpach Słowenia
89%
Ma flagę składającą się z czerwonego, białego i niebieskiego paska oraz emblemat Oba
87%
Jest częścią Unii Europejskiej Oba
85%
Drugim co do wielkości miastem są Koszyce Słowacja
85%
Zawiera geograficzny punkt środkowy Europy Słowacja
78%
Jej stolica leży zaledwie 55 kilometrów od Wiednia Słowacja
72%
Jej stolica leży nad Dunajem Słowacja
70%
Jest miejscem narodzin Melanii Trump Słowenia
70%
Uważane jest za państwo słowiańskie Oba
68%
Uzyskała niepodległość w latach 90-tych Oba
62%
Ponad 25% powierzchni kraju zajmują lasy Oba
47%
Ma niski współczynnik dzietności (<1,8 urodzonych dzieci na kobietę) Oba
38%
Nie znaleziono quizów pasujących do podanych kryteriów
Rozkład punktacji
Procent ludzi z każdym wynikiem
Percentyl według liczby udzielonych odpowiedzi
Twoja historia wyników
Nie rozwiązałeś tego quizu od ostatniego zresetowania